Polish and German Jews Between Hitler's Rise to Power and the Outbreak of the Second World War
| Titel: | Polish and German Jews Between Hitler's Rise to Power and the Outbreak of the Second World War |
|---|---|
| Verfasser: | |
| In: |
Leo Baeck Institute: Year-book, Band 44 (1999), Seite 205-223 alle Artikel anzeigen |
| Veröffentlicht: | 1999 |
| Format: | Aufsatz |
| Sprache: | Englisch |
X
alg: 39209477 001A $01999:11-11-16 001B $01999:29-03-21 $t21:47:52.000 001C $06050:20-01-17 $t10:31:09.000 001D $01999:11-11-16 001U $0utf8 001X $00 002@ $0Aox 003@ $0392094770 007A $0392094770 $aHEB 007T $0Herd26609 010@ $aeng 011@ $a1999 021A $aPolish and German Jews Between Hitler's Rise to Power and the Outbreak of the Second World War 028A $aWeiss $dYfaat 031A $d44 $h205-223 $j1999 037A $aIm Inhaltsverzeichnis des Bandes ist als Titel aufgeführt: // W spisie treści podano tytuł: Jews in Germany and Poland: Changing Roles in Times of Adversity 039B $aIn $8--Abvc--Leo Baeck Institute [Tb1]. Year-book. - Oxford : Oxford Univ. Press, 1956-. - ISSN 0075-8744 $x199900000440000795 $9046856293 045F $a900.943809041 $eDDC23BSB 045F/01 $a900 045F/03 $f09041 045F/03 $f09042 045F/03 $f09043 045F/03 $g438 045T $a1 $a7,7 045T $aGER $qDE-30 $2FID 045T $aJUDAICA $qDE-30 $2FID lok: 39209477 78 exp: 39209477 78 1 #EPN 201B/01 $019-04-17 $t11:00:39.000 201U/01 $0utf8 203@/01 $0788190792 208@/01 $a11-11-16 $be 209A/01 $a/ $f000 $x00 220C/01 $aTitelaufnehmer: cs 244Z/01 $2Trx $#Poola $#Lenkija $#Polija $#Polen Land $#Poland $#Lengyelország $#Poľsko $#Polsko $8--Trx--Polska$gkraj $x01 $9391345966 244Z/01 $aGeschichte 1933-1939 $x02 244Z/01 $2Trx $#suhted, Poola-Saksa $#santykiai, lenkų ir vokiečių $#relations, German-Polish $#kapcsolatok, lengyel-német $#stosunki niemiecko-polskie $#vzťahy nemecko-poľské $#vztahy německo-polské $8--Trx--Beziehungen, deutsch-polnische $x03 $9391368397 244Z/01 $2Trx $#juudid $#žydai $#Jews $#zsidók $#Żydzi $#Židia $#Židé $#Minderheit, jüdische $#Litvaken $#mniejszość żydowska $#menšina židovská $#menšina židovská $8--Trx--Juden $x04 $9391371312 244Z/01 $2Trx $8--Trx--Zeitschriftenaufsatz $x05 $9391384341 245Z/01 $a06.04.02 $x01 247C/01 $82080>Marburg/Lahn, Herder-Institut, Forschungsbibliothek, Bibliographieportal $9336309341
| LEADER | 00000caa a22000002c 4500 | ||
|---|---|---|---|
| 001 | 392094770 | ||
| 003 | DE-603 | ||
| 005 | 20210329214752.0 | ||
| 007 | tu | ||
| 008 | 161111s1999 xx |||| | u00||u|eng c | ||
| 035 | |a (DE-599)HEB392094770 | ||
| 040 | |a DE-603 |b ger |c DE-603 |d DE-603 | ||
| 041 | |a eng | ||
| 082 | 0 | 4 | |8 1\u |a 900.943809041 |q DE-101 |2 23/BSB |
| 084 | |a 1 |a 7,7 |2 ssgn | ||
| 084 | |a GER |q DE-30 |2 fid | ||
| 084 | |a JUDAICA |q DE-30 |2 fid | ||
| 085 | |8 1\u |b 900 | ||
| 085 | |8 1\u |z 1 |s 09041 | ||
| 085 | |8 1\u |z 1 |s 09042 | ||
| 085 | |8 1\u |z 1 |s 09043 | ||
| 085 | |8 1\u |z 2 |s 438 | ||
| 100 | 1 | |a Weiss, Yfaat | |
| 245 | 0 | 0 | |a Polish and German Jews Between Hitler's Rise to Power and the Outbreak of the Second World War |
| 264 | 0 | |c 1999 | |
| 500 | |a Im Inhaltsverzeichnis des Bandes ist als Titel aufgeführt: // W spisie treści podano tytuł: Jews in Germany and Poland: Changing Roles in Times of Adversity | ||
| 773 | 0 | 8 | |i In |a Leo Baeck Institute |t Year-book |d Oxford : Oxford Univ. Press, 1956- |x 0075-8744 |g Band 44 (1999), Seite 205-223 |w (DE-603)046856293 |w (DE-600)5744-7 |
| 924 | 0 | |9 2080 |a (DE-603)788190792 |b DE-2080 |c HES |d d |g / | |


